|
|
|
|
| LEADER |
01053nam a2200265 a 4500 |
| 001 |
000444925 |
| 003 |
CZ BrMZK |
| 005 |
20060404140632.0 |
| 008 |
010907s1980 xr f cze d |
| 015 |
|
|
|a cnb000399041
|
| 035 |
|
|
|a (OCoLC)40086925
|
| 040 |
|
|
|a BOA001
|b cze
|
| 080 |
|
|
|a 581.9(437.197)
|2 MRF
|
| 100 |
1 |
|
|a Skalický, Vladimír,
|d 1930-1994
|7 jk01111464
|4 aut
|
| 245 |
1 |
0 |
|a Příspěvek ke květeně Blatenska a přilehlých území-.
|n 3 /
|c Vladimír Skalický, Josef Vaněček a kol.
|
| 260 |
|
|
|a Plzeň :
|b Západočeské muzeum,
|c 1980
|
| 300 |
|
|
|a 132 s.
|
| 490 |
1 |
|
|a Sborník Západočeského muzea v Plzni. Příroda ;
|v 36
|
| 500 |
|
|
|a Rozmn.
|
| 700 |
1 |
|
|a Vaněček, Josef,
|d 1910-2001
|7 jk01141461
|
| 710 |
2 |
|
|a Západočeské muzeum (Plzeň, Česko)
|7 kn20010709441
|
| 830 |
|
0 |
|a Sborník Západočeského muzea v Plzni.
|p Příroda
|
| 910 |
|
|
|a BOA001
|b 03215-0670.525,Příroda
|
| 990 |
|
|
|a BK
|
| 996 |
6 |
|
|b 2619765543
|c 03215-0670.525,Příroda
|d 1980 36
|v 36
|y 1980
|l MZK
|r Sklad / do 1 hodiny
|n 0
|p p.v.
|w 000284401
|u 000340
|a 1
|e BOA001
|j MZK50
|s P
|